A SISTER TO SCHEHERAZADE (Record no. 216685)

MARC details
000 -LEADER
fixed length control field 00433nam a22001577a 4500
008 - FIXED-LENGTH DATA ELEMENTS--GENERAL INFORMATION
fixed length control field 260226b |||||||| |||| 00| 0 eng d
020 ## - INTERNATIONAL STANDARD BOOK NUMBER
International Standard Book Number 0-435-08622-7
050 ## - LIBRARY OF CONGRESS CALL NUMBER
Classification number PQ 3989 .O413 D524
100 ## - MAIN ENTRY--PERSONAL NAME
Personal name DJEBAR, ASSIA
245 ## - TITLE STATEMENT
Title A SISTER TO SCHEHERAZADE
260 ## - PUBLICATION, DISTRIBUTION, ETC.
Place of publication, distribution, etc. PORTSMOUTH, NEW HAMPSHIRE,
Name of publisher, distributor, etc. HEINAMANN,
Date of publication, distribution, etc. 1993.
300 ## - PHYSICAL DESCRIPTION
Extent vii, 159 P. ILL
650 ## - SUBJECT ADDED ENTRY
Topical term or geographic name entry element WOMEN- ALGERIA- FICTION
942 ## - ADDED ENTRY ELEMENTS (KOHA)
Source of classification or shelving scheme Library of Congress Classification
Koha item type Long Loan Book
Holdings
Withdrawn status Lost status Source of classification or shelving scheme Damaged status Not for loan Collection Home library Current library Shelving location Date acquired Inventory number Total checkouts Full call number Barcode Date last seen Copy number Price effective from Koha item type
    Library of Congress Classification     Arts & Social Sciences Kisii University Library Kisii University Library On Display 02/26/2026 111858   PQ 3989 .O413 D524 1993 A000800 02/26/2026 1 02/26/2026 Long Loan Book
    Library of Congress Classification     Arts & Social Sciences Kisii University Library Kisii University Library On Display 02/26/2026 111859   PQ 3989 .O413 D524 1993 A000799 02/26/2026 2 02/26/2026 Long Loan Book